El nombre de la rosa (Registro nro. 3799)
[ vista simple ]
| 000 -CABECERA | |
|---|---|
| Longitud fija campo de control | 00956nam a2200289 i 4500 |
| 005 - • FECHA Y HORA DE LA ÚLTIMA TRANSACCIÓN | |
| Fecha y hora de la última transacción | 20220317000340.0 |
| 008 - • CÓDIGOS DE INFORMACIÓN DE LONGITUD FIJA | |
| Códigos de información de longitud fija | 141031s2014 ck 000 0 spa d S SP spa d |
| 020 ## - • NÚMERO INTERNACIONAL NORMALIZADO PARA LIBROS | |
| Número Internacional Normalizado para Libros (ISBN) | 9789588773605 |
| 040 ## - FUENTE DE LA CATALOGACIÓN | |
| Centro catalogador de origen | CO-BoRNBP |
| Lengua de catalogación | spa |
| Normas de descripción | rda |
| Centro transcriptor | CO-BoRNBP |
| 084 ## - • Clasificación Local Alfanúmerica PNLB | |
| Número de clasificación | N ECO1 |
| 100 1# - • PUNTO DE ACCESO PRINCIPAL-NOMBRE DE PERSONA | |
| Nombre de persona | Eco, Umberto, |
| Fechas asociadas al nombre | 1932- |
| Término indicativo de función | autor |
| 245 13 - • TITULO PROPIAMENTE DICHO | |
| Título | El nombre de la rosa |
| Mención de responsabilidad, etc. | Umberto Eco ; traducción de Ricardo Pochtar |
| 250 ## - • MENCIÓN DE EDICIÓN | |
| Mención de edición | Primera edición |
| 264 #1 - PRODUCCIÓN, PUBLICACIÓN , DISTRIBUCIÓN, FABRICACIÓN Y COPYRIGHT | |
| Lugar de producción, publicación, distribución, fabricación | México |
| Nombre del productor, editor, distribuidor, fabricante | Debolsillo |
| Fecha de de producción, publicación, distribución, fabricación o copyright | 2014 |
| 300 ## - • DESCRIPCIÓN FÍSICA | |
| Extensión | 505 páginas |
| Dimensiones | 19 cm |
| 336 ## - TIPO DE CONTENIDO | |
| Término de tipo de contenido | texto |
| Código de tipo de contenido | txt |
| Fuente | rdacontent |
| 337 ## - TIPO DE MEDIO | |
| Nombre del tipo de medio | sin mediación |
| Código del tipo de medio | n |
| Fuente | rdamedia |
| 338 ## - TIPO DE SOPORTE | |
| Nombre del tipo de soporte | volumen |
| Código del tipo de soporte | nc |
| Fuente | rdacarrier |
| 490 ## - • MENCIÓN DE SERIE | |
| Mención de serie | Contemporánea biblioteca |
| 504 ## - • NOTA DE BIBLIOGRAFÍA, ETC | |
| Nota de bibliografía, etc. | Incluye datos biográficos del autor |
| 534 ## - • Nota De Versión Original | |
| Título | il nome della rosa |
| 650 17 - • PUNTO DE ACCESO ADICIONAL DE MATERIA - TÉRMINO DE MATERIA | |
| Término de materia o nombre geográfico como elemento inicial | Novela italiana |
| Subdivisión cronológica | Siglo XX |
| Fuente del encabezamiento o término | ARMARC |
| 650 17 - • PUNTO DE ACCESO ADICIONAL DE MATERIA - TÉRMINO DE MATERIA | |
| Término de materia o nombre geográfico como elemento inicial | Literatura italiana |
| Subdivisión cronológica | Siglo XX |
| Fuente del encabezamiento o término | ARMARC |
| 650 17 - • PUNTO DE ACCESO ADICIONAL DE MATERIA - TÉRMINO DE MATERIA | |
| Término de materia o nombre geográfico como elemento inicial | Edad media |
| Subdivisión de forma | Novela |
| Fuente del encabezamiento o término | ARMARC |
| 700 1# - • PUNTO DE ACCESO ADICIONAL - NOMBRE DE PERSONA | |
| Nombre de persona | Pochtar, Ricardo |
| Término indicativo de función | traductor |
| 942 ## - ENTRADA DE ELEMENTOS AGREGADOS (KOHA) | |
| Fuente de clasificaión o esquema | |
| Koha [por defecto] tipo de item | Libro Literatura |
| Perdido | Fuente de clasificación o esquema | Estado Físico | No para préstamo | Forma de adquisición | Localización permanente | Localización actual | Localización en estanterías | Fecha adquisición | Préstamos totales | Signatura completa | Código de barras | Fecha última consulta | Número de copia | Fecha del precio de reemplazo | Tipo de item de Koha | Note pública | Renovaciones totales | Fecha último préstamo |
|---|---|---|---|---|---|---|---|---|---|---|---|---|---|---|---|---|---|---|
| Literatura General | Biblioteca Pública Departamental Eduardo Carranza - Villavicencio | Biblioteca Pública Departamental Eduardo Carranza - Villavicencio | Literatura | 11/27/2006 | N ECO1n | ECA6760 | 11/26/2024 | Ej.3 | 11/26/2024 | LIbro | 6897 | 9667 | |||||||
| Literatura General | Biblioteca Pública Departamental Eduardo Carranza - Villavicencio | Biblioteca Pública Departamental Eduardo Carranza - Villavicencio | Literatura | 02/20/2020 | 1 | N ECO1n | ECA1360 | 03/27/2025 | Ej.4 | 11/26/2024 | LIbro | 6897 | 9666 | 1 | 02/17/2025 | ||||
| Dewey Decimal Classification | Colección General | Biblioteca Pública Guamal | Biblioteca Pública Guamal | Literatura | 01/31/2023 | N ECO1 | GUA000302 | 01/31/2023 | Ej.1 | 01/31/2023 | Libro Literatura | |||||||
| Dewey Decimal Classification | Colección General | Biblioteca Pública Mapiripan - Jorge Eliecer Gaitán | Biblioteca Pública Mapiripan - Jorge Eliecer Gaitán | Literatura | 01/17/2025 | N ECO1 | MPJG0018 | 01/17/2025 | Ej.1 | 01/17/2025 | Libro Literatura |